000 00366nam a2200133Ia 4500
008 220217s9999||||xx |||||||||||||| ||und||
020 _a81-7366-828-0
082 _a005.13 CON
100 _aConway, Damian
_95605
245 0 _aPerl best practices
260 _aShroff publishers and dis. Pvt.
_bMumbai
_c2006
300 _b425
650 _aPROGRAMMING LANGUAGE
999 _c176634
_d176634